Historie logistiky evoluce, nebo revoluce?
Z histórie českej logistiky. Zrod českej logistiky. Logistika zameraná na veľkoobchod. Tlak na kvalitu. Logistika v novom tisícročí. Zmeny po vstupu do Európskej únie. Čo možno očakávať v nasledujúcich rokoch. Logistika kontra výroba.
Na minha lista:
| Autor principal: | |
|---|---|
| Formato: | Capítulo de Livro |
| Idioma: | tcheco |
| Assuntos: | |
| Tags: |
Sem tags, seja o primeiro a adicionar uma tag!
|
MARC
| LEADER | 00000naa$a2200000$$$4500 | ||
|---|---|---|---|
| 001 | 0088389 | ||
| 005 | 20231011071613.4 | ||
| 041 | 0 | |a cze | |
| 044 | |a CZ | ||
| 245 | 1 | 0 | |a Historie logistiky |b evoluce, nebo revoluce? |c Petr Václavek |
| 500 | |a Článok je na s. 8-9 špeciálneho vydania k výročiu fóra Eastlog | ||
| 520 | |a Z histórie českej logistiky. Zrod českej logistiky. Logistika zameraná na veľkoobchod. Tlak na kvalitu. Logistika v novom tisícročí. Zmeny po vstupu do Európskej únie. Čo možno očakávať v nasledujúcich rokoch. Logistika kontra výroba. | ||
| 610 | 2 | 0 | |a logistika |
| 610 | 2 | 0 | |a distribúcia |
| 610 | 2 | 0 | |a preprava |
| 610 | 2 | 0 | |a skladovanie |
| 610 | 2 | 0 | |a služby logistické |
| 610 | 2 | 0 | |a technológie informačné |
| 610 | 2 | 0 | |a Česko |
| 100 | 1 | |a Václavek, Petr | |